书目信息 |
| 题名: |
工程制图习题集
|
|
| 作者: | 赵大兴 主编 | |
| 分册: | ||
| 出版信息: | 北京 高等教育出版社 2009 |
|
| 页数: | 79页 | |
| 开本: | 26×37cm | |
| 丛书名: | ||
| 单 册: | ||
| 中图分类: | TB23-44 | |
| 科图分类: | ||
| 主题词: | 工程制图--高等学校--习题 | |
| 电子资源: | ||
| ISBN: | 978-7-04-021165-8 | |
| 000 | 00799nam0 2200241 450 | |
| 001 | 0101897819 | |
| 005 | 20100520155705.0 | |
| 010 | @a978-7-04-021165-8@dCNY37.00 | |
| 100 | @a20100512d2009 em y0chiy0120 ea | |
| 101 | 0 | @achi |
| 102 | @aCN@b110000 | |
| 105 | @ay q 000yy | |
| 106 | @ar | |
| 200 | 1 | @a工程制图习题集@9Gong Cheng Zhi Tu Xi Ti Ji @f赵大兴主编@b专著 |
| 210 | @a北京@c高等教育出版社@d2009 | |
| 215 | @a79页@d26×37cm | |
| 300 | @a教育科学“十五”国家规划课题研究成果 | |
| 330 | @a本书内容包括:制图基本知识及绘图方法、投影基础、基本立体及表面交线、组合体视图、轴测图、机件常用表示方法等。 | |
| 606 | 0 | @a工程制图@x高等学校@x习题 |
| 690 | @aTB23-44@v4 | |
| 701 | 0 | @a赵大兴@f(1962~)@9zhao da xing@4主编 |
| 801 | 0 | @aCN@b110019@c20091020 |
| 905 | @aBZT@dTB23@e29@f2@sTB23/29 | |
| 工程制图习题集/赵大兴主编.-北京:高等教育出版社,2009 |
| 79页;26×37cm |
| 教育科学“十五”国家规划课题研究成果 |
| ISBN 978-7-04-021165-8:CNY37.00 |
| 本书内容包括:制图基本知识及绘图方法、投影基础、基本立体及表面交线、组合体视图、轴测图、机件常用表示方法等。 |
| ● |
| 相关链接 |
|
|
|
正题名:工程制图习题集
索取号:TB23/29
 
预约/预借
| 序号 | 登录号 | 条形码 | 馆藏地/架位号 | 状态 | 备注 |
| 1 | 2000010009 | 2000010009 | 旧书回溯/ [索取号:TB23/29] | 在馆 | |
| 2 | 2000010020 | 2000010020 | 旧书回溯/ [索取号:TB23/29] | 在馆 |